Súvislosti vývoja trhu práce, výdavkov na sociálnu ochranu a výdavkov na aktívne politiky trhu práce (medzinárodné porovnanie)

Analýza súvislostí medzi vývojom trhu práce, výdavkami na sociálnu ochranu a výdavkami na aktívnu politiku trhu práce. Úroveň miezd a zdanenia nákladov práce na Slovensku a v nových krajinách EÚ.

Guardado en:
Detalles Bibliográficos
Autor principal: Košta, Ján
Formato: Capítulo de libro
Lenguaje:eslovaco
Materias:
Etiquetas: Agregar Etiqueta
Sin Etiquetas, Sea el primero en etiquetar este registro!

MARC

LEADER 00000nla$a2200000$$$4500
001 0145801
005 20221103134551.6
041 0 |a slo 
044 |a SK 
245 1 0 |a Súvislosti vývoja trhu práce, výdavkov na sociálnu ochranu a výdavkov na aktívne politiky trhu práce (medzinárodné porovnanie)  |c Ján Košta 
520 |a Analýza súvislostí medzi vývojom trhu práce, výdavkami na sociálnu ochranu a výdavkami na aktívnu politiku trhu práce. Úroveň miezd a zdanenia nákladov práce na Slovensku a v nových krajinách EÚ. 
610 2 0 |a Európska únia 
610 2 0 |a Slovensko 
610 2 0 |a politika zamestnanosti 
610 2 0 |a trh práce 
610 2 0 |a miera zamestnanosti 
610 2 0 |a príjmy 
610 2 0 |a zdaňovanie 
610 2 0 |a ochrana sociálna 
610 2 0 |a porovnanie medzinárodné 
610 2 0 |a spolupráca medzinárodná 
100 1 |a Košta, Ján